Topónimos de la provincia de Guadalajara / (Record no. 13384)

MARC details
000 -LEADER
campo de control de longitud fija 00730nam a22002175i 4500
001 - NÚMERO DE CONTROL
campo de control 13384
003 - IDENTIFICADOR DE NÚMERO DE CONTROL
campo de control ES-MaACL
005 - FECHA Y HORA DE LA ÚLTIMA TRANSACCIÓN
campo de control 20230906150548.0
007 - CAMPO FIJO DE DESCRIPCIÓN FÍSICA--INFORMACIÓN GENERAL
campo de control de longitud fija t|
008 - DATOS DE LONGITUD FIJA--INFORMACIÓN GENERAL
campo de control de longitud fija 940630s1993 sp ||||0| spa j
020 ## - NÚMERO INTERNACIONAL ESTÁNDAR DEL LIBRO
Número Internacional Estándar del Libro 84-604-6199-8
040 ## - FUENTE DE CATALOGACIÓN
Centro catalogador/agencia de origen M-BN
Lengua de catalogación spa
Centro/agencia transcriptor M-BN
080 ## - NÚMERO DE LA CLASIFICACIÓN DECIMAL UNIVERSAL
Número de la Clasificación Decimal Universal 914.602.81
100 1# - ENTRADA PRINCIPAL--NOMBRE DE PERSONA
Nombre de persona Monge Molinero, Eusebio.
9 (RLIN) 82191
245 10 - MENCIÓN DEL TÍTULO
Título Topónimos de la provincia de Guadalajara /
Mención de responsabilidad, etc. Eusebio Monge Molinero.
260 ## - PUBLICACIÓN, DISTRIBUCIÓN, ETC.
Lugar de publicación, distribución, etc. Sigüenza :
Nombre del editor, distribuidor, etc. E. Monge Molinero,
Fecha de publicación, distribución, etc. 1993 (
Lugar de fabricación/manufactura Sigüenza :
Fabricante Gráf. Carpintero)
300 ## - DESCRIPCIÓN FÍSICA
Extensión 206 p. ;
Dimensiones 21 cm.
504 ## - NOTA DE BIBLIOGRAFÍA, ETC.
Nota de bibliografía, etc. Bibliografía: p. 205-206.
650 #4 - PUNTO DE ACCESO ADICIONAL DE MATERIA--TÉRMINO DE MATERIA
Término de materia o nombre geográfico como elemento de entrada Nombres geográficos-
Subdivisión geográfica Guadalajara (Provincia)
9 (RLIN) 15586
852 ## - LOCALIZACIÓN
Ubicación ES-MaACL
Número de control de estantería L-20738
Sublocalización o colección R.126397
condición física . - Ded. autógr. del autor
Holdings
Estatus retirado Estado de pérdida Estado de daño No para préstamo Biblioteca de origen Biblioteca actual Ubicación en estantería Fecha de adquisición Fuente de adquisición Total de préstamos Signatura topográfica completa Código de barras Visto por última vez Precio de reemplazo Tipo de ítem Koha
        Biblioteca del Ateneo de Madrid Biblioteca del Ateneo de Madrid Depósito 2 17/01/2008     L-20738 1013627 23/02/2023 23/02/2023 Libro impreso